Lady Gaga - Chansons commençant par F - Statistiques

Statistiques générales
  • Ce quiz a été pris 10 fois
  • Le résultat moyen est 3 sur 7
Statistiques - réponses
F % Correct
Fashion!
71%
Free Woman
71%
Fun Tonight
71%
The Fame
57%
Fashion of His Love
29%
Firefly avec Tony Bennett
29%
Folie à Deux
14%
Aucun quiz correspondant
Distribution des résultats
% des personnes avec chaque résultat
Percentile par nombre de réponses
Votre historique - résultats
Vous n’avez pas pris ce quiz